| 000 | 00504nam a2200145 a 4500 | ||
|---|---|---|---|
| 001 | 000033769 | ||
| 005 | 20200930070514.0 | ||
| 008 | 110909s1785 sp 000 0 spa d | ||
| 040 |
_aDO-SdBNP _bspa _cBNPHU |
||
| 082 |
_axxxx _bS211i |
||
| 100 | 1 |
_aSánchez Valderde, Antonio _959188 |
|
| 245 | 1 | 0 |
_aIdea de valor de la isla Española, y utilidades, que de ella puede sacar su monarquia / _cAntonio Sánchez Valverde. |
| 260 |
_aMadrid : _bImprenta Don Pedro Marín, _c1785. |
||
| 300 |
_axx, 208 p. ; _c18 cm. |
||
| 999 |
_c33260 _d33260 |
||